BUBT Library Online Catalog

The Law of Civil Procedure (Vol-2) : (Record no. 6989)

000 -LEADER
fixed length control field 00649nam a22002177a 4500
003 - CONTROL NUMBER IDENTIFIER
control field BUBTL
008 - FIXED-LENGTH DATA ELEMENTS--GENERAL INFORMATION
fixed length control field 230319b ||||| |||| 00| 0 eng d
020 ## - INTERNATIONAL STANDARD BOOK NUMBER
International Standard Book Number 9848272224
082 ## - DEWEY DECIMAL CLASSIFICATION NUMBER
Classification number 347.73/ Is41l/ 2006
100 ## - MAIN ENTRY--PERSONAL NAME
9 (RLIN) 2421
Personal name Islam, Mahmudul
245 ## - TITLE STATEMENT
Title The Law of Civil Procedure (Vol-2) :
Remainder of title Mahmudul Islam, Probir Neogi
250 ## - EDITION STATEMENT
Edition statement 1st edn.
260 ## - PUBLICATION, DISTRIBUTION, ETC. (IMPRINT)
Place of publication, distribution, etc. Dhaka
Name of publisher, distributor, etc. Mullick Brothers
Date of publication, distribution, etc. c2006
300 ## - PHYSICAL DESCRIPTION
Extent [xv], 973-2018p. :
Other physical details 22 cm.
500 ## - GENERAL NOTE
General note Includes Index
650 #0 - SUBJECT ADDED ENTRY--TOPICAL TERM
9 (RLIN) 26
Topical term or geographic name as entry element Law
700 ## - ADDED ENTRY--PERSONAL NAME
9 (RLIN) 5232
Personal name Mahmudul Islam, Probir Neogi
856 ## - ELECTRONIC LOCATION AND ACCESS
Password 0
Logon 0
Link text Download
942 ## - ADDED ENTRY ELEMENTS (KOHA)
Source of classification or shelving scheme
Koha item type Books
Holdings
Withdrawn status Lost status Source of classification or shelving scheme Damaged status Not for loan Collection code Permanent location Current location Shelving location Date acquired Source of acquisition Inventory number Total Checkouts Full call number Barcode Date last seen Copy number Price effective from Koha item type
          Non-fiction Bangladesh University of Business and Technology Library Bangladesh University of Business and Technology Library Law Stacks 07/20/2013 Purchase 16307   347.73/ Is41l/ 2006 BUBTL-200316307 03/19/2023 C-1 03/19/2023 Books
          Non-fiction Bangladesh University of Business and Technology Library Bangladesh University of Business and Technology Library Law Stacks 07/20/2013 Purchase 16308   347.73/ Is41l/ 2006 BUBTL-200316308 03/19/2023 C-2 03/19/2023 Books
        Not For Loan Non-fiction Bangladesh University of Business and Technology Library Bangladesh University of Business and Technology Library Law Stacks 07/20/2013 Purchase 16309   347.73/ Is41l/ 2006 BUBTL-200316309 03/19/2023 C-3 03/19/2023 Books
          Non-fiction Bangladesh University of Business and Technology Library Bangladesh University of Business and Technology Library Law Stacks 07/20/2013 Purchase 16310   347.73/ Is41l/ 2006 BUBTL-200316310 03/19/2023 C-4 03/19/2023 Books
          Non-fiction Bangladesh University of Business and Technology Library Bangladesh University of Business and Technology Library Law Stacks 07/20/2013 Purchase 16311   347.73/ Is41l/ 2006 BUBTL-200316311 03/19/2023 C-5 03/19/2023 Books
          Non-fiction Bangladesh University of Business and Technology Library Bangladesh University of Business and Technology Library Law Stacks 09/04/2014 Purchase 18071   347.73/ Is41l/ 2006 BUBTL-200318071 03/20/2023 C-6 03/20/2023 Books
        Not For Loan Non-fiction Bangladesh University of Business and Technology Library Bangladesh University of Business and Technology Library Law Stacks 09/04/2014 Purchase 18072   347.73/ Is41l/ 2006 BUBTL-200318072 03/20/2023 C-7 03/20/2023 Books
          Non-fiction Bangladesh University of Business and Technology Library Bangladesh University of Business and Technology Library Law Stacks 09/04/2014 Purchase 18073   347.73/ Is41l/ 2006 BUBTL-200318073 03/20/2023 C-8 03/20/2023 Books

More Information About Library

Library Hours

  • Open: 9.00 am. to 9.00 pm.
  • Only Sunday: 9.00 am. to 6.00 pm.
  • Closed: Holiday

Contact to the University

Bangladesh University of Business and Technology Library

  • Mirpurl-2, 1216.
  • Phone:
  • Fax:
  • E-Mail: admin.library@bubt.edu.bd

Contact to the Library

Contact Person:

Md. Abdul Hakim Shah
Joint Librarian
PABX No:  113
Cell No: 01816332931
E-mail: official: admin.library@bubt.edu.bd
Personal: hakim.shah@bubt.edu.bd


BUBT Library

Copyright © 2021